000 01580cam a22002894a 4500
001 16585448
003 OSt
005 20220720162022.0
008 101220s2012 maua b 001 0 eng
020 _a9780273779742 (alk. paper)
020 _a013230998X (alk. paper)
040 _aDLC
_cLC
_dLC
042 _apcc
050 0 0 _aQA76.76.O63
_bS733 2013
082 0 0 _a005.4/3
_222
100 1 _aStallings, William.
245 1 0 _aOperating systems :
_binternals and design principles /
_cWilliam Stallings.
250 _a7th ed.
260 _aHarlow, England :
_bPearson Education Limited,
_cc2013.
300 _axvii, 788 p. :
_bill. ;
_c24 cm.
504 _aIncludes bibliographical references and index.
505 _aContents: Background: Computer system overview -- Operating system overview -- Process: Process description and control -- Threads -- Concurrency: Mutual exclusion and synchronization -- Concurrency: Deadlock and starvation -- Memory: Memory management -- Virtual memory -- Scheduling: Uniprocessor scheduling -- Multiprocessor and real time scheduling -- Input/output and files: Management and disk scheduling -- File management -- Embedded systems: Embedded operating systems -- Computer security: Computer security threats -- Computer security techniques -- Distributed systems: Distributed processing, client/ server and clusters -- .
650 0 _aOperating systems (Computers)
906 _a7
_bcbc
_corignew
_d1
_eecip
_f20
_gy-gencatlg
942 _2lcc
_cBK
999 _c9074
_d16574